<?xml version="1.0" encoding="UTF-8"?>
<marc:record xmlns:marc="http://www.loc.gov/MARC21/slim">
   <marc:leader>00000nam a2200000 a 4500</marc:leader>
   <marc:datafield ind1="1" ind2=" " tag="100">
      <marc:subfield code="a">Erlhoff, Kari</marc:subfield>
      <marc:subfield code="4">aut</marc:subfield>
      <marc:subfield code="e">Verfasser/-in</marc:subfield>
   </marc:datafield>
   <marc:datafield ind1="0" ind2="0" tag="245">
      <marc:subfield code="a">Der namenlose Gegner</marc:subfield>
   </marc:datafield>
   <marc:datafield ind1="0" ind2="0" tag="245">
      <marc:subfield code="c">erzählt von Kari Erlhoff</marc:subfield>
   </marc:datafield>
   <marc:datafield ind1=" " ind2="1" tag="264">
      <marc:subfield code="a">Hamburg</marc:subfield>
      <marc:subfield code="b">Carlsen</marc:subfield>
      <marc:subfield code="c">2013</marc:subfield>
   </marc:datafield>
   <marc:datafield ind1="1" ind2=" " tag="490">
      <marc:subfield code="a">Carlsen</marc:subfield>
   </marc:datafield>
   <marc:datafield ind1="1" ind2=" " tag="520">
      <marc:subfield code="a">Angaben aus der Verlagsmeldung

Die drei ???: Der namenlose Gegner / von Kari Erlhoff

Die Nachbarn der Seven-Pines-Siedlung sind in Aufruhr - irgendjemand vandaliert in ihren Gärten! Im Verdacht stehen ein paar seltsame Typen, die ganz in der Nähe in ihren Wohnwagen hausen. Die drei ??? sollen Beweise liefern. Doch kaum beginnen sie zu recherchieren, überstürzen sich die Ereignisse: Plötzlich sind sie nur noch zu zweit und ihr Erzfeind, Skinny Norris, zeigt sich von einer völlig unbekannten Seite. Wer ist hier gut und wer böse? Die drei ??? in einem ihrer ungewöhnlichsten Fälle.
</marc:subfield>
   </marc:datafield>
   <marc:datafield ind1=" " ind2=" " tag="020">
      <marc:subfield code="a">9783551312303</marc:subfield>
      <marc:subfield code="9">9783551312303</marc:subfield>
   </marc:datafield>
   <marc:datafield ind1=" " ind2=" " tag="300">
      <marc:subfield code="a">142 S.</marc:subfield>
   </marc:datafield>
</marc:record>
